[Event "Titled Tuesday intern op 27th Dec Early"]
[Site "Chess.com INT"]
[Date "2022.12.27"]
[Round "5"]
[White "Shuvalov, Evgenij"]
[Black "Troltenier, Dirk"]
[Result "1-0"]
[WhiteElo "2149"]
[BlackElo "2234"]
[PlyCount "77"]
[EventDate "2022.12.27"]
[EventType "swiss (blitz)"]
[EventRounds "11"]
[EventCountry "USA"]
[SourceTitle "EXT 2024"]
[Source "ChessBase"]
[SourceDate "2023.10.10"]
[SourceVersion "1"]
[SourceVersionDate "2023.10.10"]
[SourceQuality "1"]

1. d4 d5 2. c4 c6 3. Nf3 Nf6 4. Nc3 e6 5. cxd5 exd5 6. Bg5 Nbd7 7. e3 h6 8. Bh4 g5 9. Bg3 Nh5 10. Be5 Nxe5 11. Nxe5 Nf6 12. Bd3 Be6 13. h4 Bg7 14. hxg5 hxg5 15. Rxh8+ Bxh8 16. Qf3 Qe7 17. 0-0-0 0-0-0 18. Kb1 Nd7 19. Nxc6 bxc6 20. Ba6+ Kc7 21. Qg3+ Kb6 22. Bd3 Nb8 23. Na4+ Kb7 24. Nc5+ Ka8 25. Rc1 Bf6 26. Rc3 Qd6 27. Qf3 Be7 28. Rb3 Rc8 29. Qe2 Qd8 30. Qd2 Bxc5 31. dxc5 Nd7 32. Qc3 Rb8 33. Ra3 Qc7 34. f4 gxf4 35. exf4 Qxf4 36. Rxa7+ Kxa7 37. Qa5+ Kb7 38. Ba6+ Ka7 39. Bc8# 1-0

[Event "Titled Tuesday intern op 27th Dec Early"]
[Site "Chess.com INT"]
[Date "2022.12.27"]
[Round "2"]
[White "Troltenier, Dirk"]
[Black "Gabdrakhmanov, Azat"]
[Result "0-1"]
[WhiteElo "2234"]
[BlackElo "2319"]
[PlyCount "76"]
[EventDate "2022.12.27"]
[EventType "swiss (blitz)"]
[EventRounds "11"]
[EventCountry "USA"]
[SourceTitle "EXT 2024"]
[Source "ChessBase"]
[SourceDate "2023.10.10"]
[SourceVersion "1"]
[SourceVersionDate "2023.10.10"]
[SourceQuality "1"]

1. e4 c5 2. c3 d5 3. exd5 Qxd5 4. d4 e6 5. Nf3 Nf6 6. Bd3 Nc6 7. 0-0 cxd4 8. cxd4 Be7 9. Nc3 Qd6 10. Be3 0-0 11. Qe2 b6 12. Rad1 Bb7 13. a3 Rad8 14. Rfe1 Ng4 15. Bxh7+ Kxh7 16. Ng5+ Bxg5 17. Qxg4 Be7 18. d5 exd5 19. Nxd5 Qg6 20. Qf3 Bd6 21. Qh3+ Kg8 22. Bf4 Bxf4 23. Nxf4 Qe4 24. Nh5 Rxd1 25. Rxd1 Ne5 26. Qg3 Ng6 27. h4 Qxh4 28. Qxh4 Nxh4 29. Rd7 Bxg2 30. Rxa7 Bf3 31. Nf4 Rd8 32. Kh2 g5 33. Nh3 f6 34. Kg3 Be4 35. Ra6 Rd3+ 36. Kh2 Nf3+ 37. Kg3 Ne5+ 38. Kh2 Ng4+ 0-1

[Event "Titled Tuesday intern op 20th Dec Early"]
[Site "Chess.com INT"]
[Date "2022.12.20"]
[Round "8"]
[White "Troltenier, Dirk"]
[Black "D'Arruda, Ricardo D"]
[Result "1/2-1/2"]
[WhiteElo "2234"]
[BlackElo "2271"]
[PlyCount "138"]
[EventDate "2022.12.20"]
[EventType "swiss (blitz)"]
[EventRounds "11"]
[EventCountry "USA"]
[SourceTitle "EXT 2024"]
[Source "ChessBase"]
[SourceDate "2023.10.10"]
[SourceVersion "1"]
[SourceVersionDate "2023.10.10"]
[SourceQuality "1"]

1. e4 c5 2. c3 e6 3. d4 d5 4. e5 Nc6 5. Nf3 cxd4 6. cxd4 Nge7 7. Nc3 Nf5 8. Be3 Be7 9. Bd3 0-0 10. 0-0 Nxe3 11. fxe3 f5 12. exf6 Bxf6 13. Qc2 h6 14. Qe2 Bd7 15. Rad1 Qe7 16. Bb1 Rad8 17. Qd3 g5 18. e4 dxe4 19. Nxe4 Bh8 20. Nc5 Bc8 21. Qe4 Rf4 22. Qg6+ Qg7 23. Qxg7+ Bxg7 24. Nb3 Nxd4 25. Nfxd4 Bxd4+ 26. Nxd4 Rdxd4 27. Rxd4 Rxd4 28. Bc2 Rd2 29. Rf2 Rxf2 30. Kxf2 e5 31. Ke3 Kf7 32. Ke4 Ke6 33. Bb3+ Kd6 34. g3 Bh3 35. a3 a5 36. Bc4 b6 37. Bb3 Be6 38. Bc2 Bg8 39. Ba4 Bh7+ 40. Ke3 Kd5 41. Bb3+ Kc5 42. Be6 b5 43. h4 b4 44. axb4+ axb4 45. hxg5 hxg5 46. Bf7 Bf5 47. Bg8 Kd6 48. Bb3 Be6 49. Bc2 Bd5 50. Bd1 Ke6 51. Bc2 Kf6 52. Bd3 Be6 53. Be4 Bf5 54. Bf3 Ke7 55. Bd5 Kd6 56. Bb3 Kc5 57. Bf7 Bc2 58. Be6 Bg6 59. Bg8 Kd6 60. Bb3 Bf5 61. Bc4 Ke7 62. Bb3 Kf6 63. Bc4 Kg6 64. Be2 Bc2 65. Bf3 Kf5 66. Be2 Bb1 67. Bf3 Bc2 68. Be2 Bb1 69. Bf3 Bc2 1/2-1/2

[Event "Titled Tuesday intern op 20th Dec Early"]
[Site "Chess.com INT"]
[Date "2022.12.20"]
[Round "6"]
[White "Troltenier, Dirk"]
[Black "Guevara, Robert N"]
[Result "1-0"]
[WhiteElo "2234"]
[BlackElo "1993"]
[PlyCount "37"]
[EventDate "2022.12.20"]
[EventType "swiss (blitz)"]
[EventRounds "11"]
[EventCountry "USA"]
[SourceTitle "EXT 2024"]
[Source "ChessBase"]
[SourceDate "2023.10.10"]
[SourceVersion "1"]
[SourceVersionDate "2023.10.10"]
[SourceQuality "1"]

1. e4 e6 2. d4 d5 3. e5 c5 4. c3 Bd7 5. Nf3 Qb6 6. a3 Bb5 7. c4 Bxc4 8. Bxc4 dxc4 9. d5 exd5 10. Qxd5 Ne7 11. Qxc4 Nbc6 12. Nc3 Nd4 13. 0-0 Nxf3+ 14. gxf3 Rc8 15. f4 g6 16. Be3 Nc6 17. Nd5 Qd8 18. Nf6+ Ke7 19. Bxc5+ 1-0

[Event "Titled Tuesday intern op 20th Dec Early"]
[Site "Chess.com INT"]
[Date "2022.12.20"]
[Round "4"]
[White "Troltenier, Dirk"]
[Black "Salman, Pavel"]
[Result "0-1"]
[WhiteElo "2234"]
[BlackElo "2287"]
[PlyCount "106"]
[EventDate "2022.12.20"]
[EventType "swiss (blitz)"]
[EventRounds "11"]
[EventCountry "USA"]
[SourceTitle "EXT 2024"]
[Source "ChessBase"]
[SourceDate "2023.10.10"]
[SourceVersion "1"]
[SourceVersionDate "2023.10.10"]
[SourceQuality "1"]

1. e4 c5 2. c3 Qa5 3. Nf3 e6 4. Bd3 b5 5. 0-0 c4 6. Bc2 Bb7 7. d4 cxd3 8. Qxd3 Ne7 9. Nbd2 Ng6 10. Nb3 Qd8 11. Re1 a6 12. a4 Nc6 13. axb5 axb5 14. Rxa8 Qxa8 15. Qxb5 Be7 16. Qd3 0-0 17. Nbd4 Nce5 18. Nxe5 Nxe5 19. Qg3 Ng6 20. Bg5 f6 21. Be3 Bxe4 22. Bxe4 Qxe4 23. Qc7 Qd5 24. c4 Qd6 25. Qxd6 Bxd6 26. Nb5 Bb4 27. Rd1 Ne5 28. b3 Ra8 29. h3 g5 30. f4 gxf4 31. Bxf4 d6 32. Kf1 Kf8 33. Nc7 Ra3 34. Nxe6+ Ke7 35. Nd4 Bc5 36. b4 Bxd4 37. Rxd4 Rb3 38. Bxe5 fxe5 39. Rh4 Rxb4 40. Rxh7+ Ke6 41. Rh6+ Kd7 42. Rh4 Kc6 43. Rg4 Kc5 44. h4 d5 45. h5 dxc4 46. h6 Rb1+ 47. Kf2 Rh1 48. Rg6 c3 49. Ke2 c2 50. Rg8 c1Q 51. Rc8+ Kd6 52. Rxc1 Rxc1 53. g4 Ke6 0-1

[Event "Titled Tuesday intern op 29th Nov Early"]
[Site "Chess.com INT"]
[Date "2022.11.29"]
[Round "9"]
[White "Troltenier, Dirk"]
[Black "Kovacevic, Radmila"]
[Result "0-1"]
[WhiteElo "2234"]
[BlackElo "2113"]
[PlyCount "52"]
[EventDate "2022.11.29"]
[EventType "swiss (blitz)"]
[EventRounds "11"]
[EventCountry "USA"]
[SourceTitle "EXT 2024"]
[Source "ChessBase"]
[SourceDate "2023.10.10"]
[SourceVersion "1"]
[SourceVersionDate "2023.10.10"]
[SourceQuality "1"]

1. e4 e5 2. Nf3 f5 3. Nxe5 Qf6 4. d4 d6 5. Nc4 fxe4 6. Ne3 c6 7. Be2 Be7 8. 0-0 g6 9. c4 Nh6 10. Nc3 Bf5 11. g4 Rg8 12. gxf5 gxf5+ 13. Kh1 Nd7 14. Bh5+ Kd8 15. f3 Qh4 16. fxe4 Nf6 17. Ng2 Rxg2 18. Kxg2 Nxh5 19. Bxh6 Kc7 20. Rf3 Rg8+ 21. Kh1 fxe4 22. Re3 Rg6 23. Rxe4 Ng3+ 24. Kg2 Nxe4+ 25. Kf3 Rf6+ 26. Ke3 Nf2 0-1

[Event "Titled Tuesday intern op 08th Nov Early"]
[Site "Chess.com INT"]
[Date "2022.11.08"]
[Round "4"]
[White "Hasangatin, Ramil"]
[Black "Troltenier, Dirk"]
[Result "1-0"]
[WhiteElo "2457"]
[BlackElo "2234"]
[PlyCount "87"]
[EventDate "2022.11.08"]
[EventType "swiss (blitz)"]
[EventRounds "11"]
[EventCountry "USA"]
[SourceTitle "EXT 2024"]
[Source "ChessBase"]
[SourceDate "2023.10.10"]
[SourceVersion "1"]
[SourceVersionDate "2023.10.10"]
[SourceQuality "1"]

1. d4 d5 2. Nc3 Nf6 3. Bg5 Ne4 4. Nxe4 dxe4 5. e3 c5 6. dxc5 Qa5+ 7. Qd2 Qxc5 8. 0-0-0 Nc6 9. Bh4 Bf5 10. Ne2 Rd8 11. Qc3 Rxd1+ 12. Kxd1 Qd5+ 13. Ke1 e5 14. a3 Bd6 15. Ng3 Be6 16. Be2 f5 17. Nf1 0-0 18. Nd2 Qc5 19. Bc4 Bxc4 20. Qxc4+ Qxc4 21. Nxc4 Bc7 22. Ke2 h6 23. f3 g5 24. Bf2 exf3+ 25. gxf3 Kf7 26. e4 f4 27. c3 Rd8 28. a4 a6 29. h4 b5 30. axb5 axb5 31. Na3 b4 32. Nb5 Ba5 33. hxg5 hxg5 34. Rh6 bxc3 35. bxc3 Ne7 36. Ra6 Rb8 37. Rxa5 Nc6 38. Ra6 Rxb5 39. Rxc6 Rb2+ 40. Kf1 Rc2 41. c4 g4 42. fxg4 f3 43. g5 Kg7 44. Bg3 1-0

[Event "Titled Tuesday intern op 08th Nov Early"]
[Site "Chess.com INT"]
[Date "2022.11.08"]
[Round "7"]
[White "Hon, Eric"]
[Black "Troltenier, Dirk"]
[Result "0-1"]
[WhiteElo "1866"]
[BlackElo "2234"]
[PlyCount "78"]
[EventDate "2022.11.08"]
[EventType "swiss (blitz)"]
[EventRounds "11"]
[EventCountry "USA"]
[SourceTitle "EXT 2024"]
[Source "ChessBase"]
[SourceDate "2023.10.10"]
[SourceVersion "1"]
[SourceVersionDate "2023.10.10"]
[SourceQuality "1"]

1. e4 e5 2. Nf3 d6 3. d4 exd4 4. Nxd4 Nf6 5. Nc3 Be7 6. Be2 0-0 7. 0-0 Re8 8. Be3 Bf8 9. f4 Nxe4 10. Nxe4 Rxe4 11. Qd3 d5 12. f5 c5 13. f6 cxd4 14. Bxd4 Nc6 15. fxg7 Bd6 16. Bf6 Qb6+ 17. Kh1 Be6 18. Bf3 Ne5 19. Bxe5 Rxe5 20. Rad1 Qe3 21. Qxe3 Rxe3 22. Bxd5 Bxd5 23. Rxd5 Be7 24. Rd7 Rb8 25. g3 Kxg7 26. Rf2 Re6 27. Kg2 Kf8 28. c4 Ke8 29. Rfd2 Rd8 30. Rxd8+ Bxd8 31. Kf3 Bc7 32. b3 Ke7 33. h3 Kf6 34. g4 Rd6 35. Re2 Rd3+ 36. Ke4 Rxh3 37. Rf2+ Ke6 38. g5 Rg3 39. Rf6+ Ke7 0-1

[Event "Titled Tuesday intern op 08th Nov Early"]
[Site "Chess.com INT"]
[Date "2022.11.08"]
[Round "10"]
[White "Troltenier, Dirk"]
[Black "Estrada Nieto, Julian"]
[Result "0-1"]
[WhiteElo "2234"]
[BlackElo "2241"]
[PlyCount "88"]
[EventDate "2022.11.08"]
[EventType "swiss (blitz)"]
[EventRounds "11"]
[EventCountry "USA"]
[SourceTitle "EXT 2024"]
[Source "ChessBase"]
[SourceDate "2023.10.10"]
[SourceVersion "1"]
[SourceVersionDate "2023.10.10"]
[SourceQuality "1"]

1. e4 e5 2. Nf3 Nc6 3. Bc4 Bc5 4. 0-0 Nf6 5. Nc3 d6 6. d3 Na5 7. Bb3 Nxb3 8. axb3 a6 9. Be3 Bxe3 10. fxe3 0-0 11. Qe1 c6 12. Nh4 Be6 13. Qg3 Nd7 14. Rf2 h6 15. Raf1 Qg5 16. Nf5 Bxf5 17. Qxg5 hxg5 18. Rxf5 f6 19. g3 Kh7 20. Kg2 Kg6 21. R5f2 Rh8 22. Rd2 Rh7 23. Rh1 Nc5 24. d4 exd4 25. exd4 Ne6 26. Re1 g4 27. Ne2 Ng5 28. Ng1 Re8 29. Rde2 Rhh8 30. c3 Re7 31. Re3 Rhe8 32. h4 Nxe4 33. Ne2 d5 34. Nf4+ Kf7 35. c4 dxc4 36. bxc4 Nd2 37. Rxe7+ Rxe7 38. Rxe7+ Kxe7 39. c5 Nc4 40. Kf2 Nxb2 41. Ke3 Na4 42. Kd2 b6 43. cxb6 Nxb6 44. Kc3 Nd5+ 0-1

[Event "Titled Tuesday intern op 01st Nov Early"]
[Site "Chess.com INT"]
[Date "2022.11.01"]
[Round "5"]
[White "Vasques, Antonio Pedro Freix"]
[Black "Troltenier, Dirk"]
[Result "1-0"]
[WhiteElo "2213"]
[BlackElo "2234"]
[PlyCount "99"]
[EventDate "2022.11.01"]
[EventType "swiss (blitz)"]
[EventRounds "11"]
[EventCountry "USA"]
[SourceTitle "EXT 2024"]
[Source "ChessBase"]
[SourceDate "2023.10.10"]
[SourceVersion "1"]
[SourceVersionDate "2023.10.10"]
[SourceQuality "1"]

1. e4 e5 2. Nf3 d6 3. Bc4 Be7 4. d4 exd4 5. Nxd4 Nf6 6. Nc3 0-0 7. 0-0 Re8 8. Re1 Nbd7 9. Nf5 Bf8 10. Bg5 Ne5 11. Bb3 Bxf5 12. exf5 c6 13. Ne4 Ned7 14. Nxf6+ Nxf6 15. Rxe8 Qxe8 16. Bxf6 gxf6 17. Qg4+ Bg7 18. Qb4 Qd7 19. c4 Re8 20. Rd1 Qxf5 21. Qxb7 Qc5 22. Qd7 Re2 23. Qd8+ Bf8 24. Qxf6 Be7 25. Qf3 Rxb2 26. g3 Qe5 27. Kg2 Bd8 28. Qxc6 Bb6 29. c5 Bxc5 30. Rf1 Qd4 31. Qe8+ Kg7 32. Qxf7+ Kh6 33. h4 Qe4+ 34. Qf3 Qxf3+ 35. Kxf3 a5 36. g4 a4 37. Be6 a3 38. g5+ Kg7 39. Kg3 h6 40. f4 Re2 41. Bd5 Rd2 42. Be6 Rd3+ 43. Kg4 Be3 44. f5 hxg5 45. hxg5 Rd4+ 46. Kh5 Rd2 47. f6+ Kf8 48. Kg6 Rg2 49. Rf5 Bc1 50. Rb5 1-0

[Event "Titled Tuesday intern op 25th Oct Early"]
[Site "Chess.com INT"]
[Date "2022.10.25"]
[Round "11"]
[White "Troltenier, Dirk"]
[Black "Ibadov, Dashgyn"]
[Result "1-0"]
[WhiteElo "2234"]
[BlackElo "2308"]
[PlyCount "113"]
[EventDate "2022.10.25"]
[EventType "swiss (blitz)"]
[EventRounds "11"]
[EventCountry "USA"]
[SourceTitle "EXT 2024"]
[Source "ChessBase"]
[SourceDate "2023.10.10"]
[SourceVersion "1"]
[SourceVersionDate "2023.10.10"]
[SourceQuality "1"]

1. e4 e6 2. d4 d5 3. e5 c5 4. c3 Qb6 5. Nf3 Nc6 6. a3 Nh6 7. b4 cxd4 8. cxd4 Nf5 9. Bb2 Bd7 10. Be2 Be7 11. 0-0 0-0 12. Qd3 f6 13. Nbd2 fxe5 14. Nxe5 Nxe5 15. dxe5 Be8 16. Nb3 Bg6 17. Qd2 h6 18. Bd3 Nh4 19. Bxg6 Nxg6 20. Bd4 Qd8 21. g3 Rf3 22. Qd1 Qf8 23. Kg2 Rf5 24. f4 Bd8 25. Rc1 Bb6 26. Bc5 Qf7 27. Nd4 Rh5 28. Qg4 Re8 29. Bxb6 axb6 30. Nb5 Rf5 31. Nd6 Nxe5 32. fxe5 Qe7 33. Nxf5 exf5 34. Qxf5 d4 35. e6 Kh8 36. Qf7 Qd8 37. Rc7 Rg8 38. e7 Qxc7 39. Qxg8+ Kxg8 40. e8Q+ Kh7 41. Qe4+ Kg8 42. Qxd4 Qc6+ 43. Rf3 Kh7 44. Qd3+ Kh8 45. Qf5 Kg8 46. h4 b5 47. h5 Kh8 48. Qf8+ Kh7 49. Qf5+ Kh8 50. Qg6 Qd5 51. Qg4 Kh7 52. Kh3 Qd1 53. Qg6+ Kg8 54. Qe8+ Kh7 55. Qe4+ Kg8 56. Rf2 Qxh5+ 57. Kg2 1-0

[Event "Titled Tuesday intern op 25th Oct Early"]
[Site "Chess.com INT"]
[Date "2022.10.25"]
[Round "1"]
[White "Troltenier, Dirk"]
[Black "Tokhirjonova, Gulruhbegim"]
[Result "1/2-1/2"]
[WhiteElo "2234"]
[BlackElo "2336"]
[PlyCount "153"]
[EventDate "2022.10.25"]
[EventType "swiss (blitz)"]
[EventRounds "11"]
[EventCountry "USA"]
[SourceTitle "EXT 2024"]
[Source "ChessBase"]
[SourceDate "2023.10.10"]
[SourceVersion "1"]
[SourceVersionDate "2023.10.10"]
[SourceQuality "1"]

1. e4 e5 2. Nf3 Nc6 3. Bc4 Nf6 4. d3 h6 5. Nc3 Bc5 6. 0-0 0-0 7. Be3 Bb6 8. d4 exd4 9. Nxd4 Ne5 10. Be2 d6 11. h3 Re8 12. Re1 Ng6 13. Bf3 Nh4 14. a4 Ba5 15. Bd2 a6 16. Nd5 Bxd2 17. Qxd2 c5 18. Nf5 Nxf3+ 19. gxf3 Nxd5 20. Qxd5 Qg5+ 21. Kh2 Qf4+ 22. Kg2 Re5 23. Qxd6 Bxf5 24. exf5 Qg5+ 25. Kh2 Rxf5 26. Rg1 Qh5 27. Rg3 Rxf3 28. Rxf3 Qxf3 29. Qxc5 Re8 30. Rg1 Re2 31. Rg2 Qf4+ 32. Kh1 Qe4 33. Qc8+ Kh7 34. Qg4 Qxg4 35. Rxg4 Rxc2 36. Rb4 Rxf2 37. Rxb7 Rf4 38. a5 Ra4 39. b4 Kg6 40. Kg2 f5 41. Rb6+ Kg5 42. Rb7 g6 43. Rb6 h5 44. h4+ Kxh4 45. Rxg6 Rxb4 46. Rxa6 Ra4 47. Ra8 f4 48. a6 Ra3 49. a7 f3+ 50. Kf2 Kh3 51. Rf8 Rxa7 52. Rxf3+ Kg4 53. Rg3+ Kh4 54. Rc3 Rg7 55. Rc4+ Rg4 56. Rc3 Ra4 57. Rd3 Kg4 58. Kg2 h4 59. Rd2 Rf4 60. Kh2 Re4 61. Rg2+ Kh5 62. Rc2 Re3 63. Rg2 Rd3 64. Rf2 Kg4 65. Rg2+ Kf4 66. Rf2+ Kg4 67. Rg2+ Rg3 68. Rc2 Rf3 69. Rg2+ Kf4 70. Rc2 Ke3 71. Rb2 Ke4 72. Re2+ Kf5 73. Rb2 Re3 74. Rb4 h3 75. Rh4 Kg5 76. Rxh3 Rxh3+ 77. Kxh3 1/2-1/2

[Event "Titled Tuesday intern op 25th Oct Early"]
[Site "Chess.com INT"]
[Date "2022.10.25"]
[Round "4"]
[White "Zakarian, David"]
[Black "Troltenier, Dirk"]
[Result "0-1"]
[WhiteElo "2301"]
[BlackElo "2234"]
[PlyCount "122"]
[EventDate "2022.10.25"]
[EventType "swiss (blitz)"]
[EventRounds "11"]
[EventCountry "USA"]
[SourceTitle "EXT 2024"]
[Source "ChessBase"]
[SourceDate "2023.10.10"]
[SourceVersion "1"]
[SourceVersionDate "2023.10.10"]
[SourceQuality "1"]

1. d4 d5 2. Nf3 Nf6 3. c4 c6 4. Qc2 e6 5. Bg5 Nbd7 6. e3 Qa5+ 7. Nc3 Bb4 8. Nd2 Ne4 9. Ndxe4 dxe4 10. Bh4 e5 11. Be2 0-0 12. 0-0 exd4 13. exd4 Bxc3 14. bxc3 Re8 15. Bg4 Nb6 16. Bxc8 Raxc8 17. Rfe1 Nxc4 18. Rxe4 Rxe4 19. Qxe4 Qxc3 20. Re1 h6 21. h3 Nd6 22. Qe3 Qxe3 23. fxe3 c5 24. Be7 Ne4 25. dxc5 Nxc5 26. Rc1 b6 27. Kf1 f6 28. Ke2 Kf7 29. Bd6 Ke6 30. Bg3 Rd8 31. Rc3 Rd5 32. Ra3 Rd7 33. Bb8 a6 34. Rc3 Kd5 35. Rc2 Kc6 36. Bg3 Kb5 37. Be1 a5 38. Rb2+ Kc6 39. Bc3 Na4 40. Rc2 Nxc3+ 41. Rxc3+ Kb5 42. Rb3+ Kc5 43. Rc3+ Kd6 44. Rb3 Kc6 45. Rc3+ Kb7 46. g4 b5 47. Kf3 Kb6 48. Kf4 b4 49. Rc8 Kb5 50. e4 Re7 51. Ra8 Ka4 52. h4 Re5 53. Ra7 g5+ 54. hxg5 hxg5+ 55. Ke3 Ka3 56. Ra6 Kxa2 57. Rxf6 b3 58. Kd4 Rb5 59. Kc4 Rb4+ 60. Kc3 b2 61. Ra6 Rb5 0-1

[Event "Titled Tuesday intern op 11th Oct Early"]
[Site "Chess.com INT"]
[Date "2022.10.11"]
[Round "10"]
[White "Fernandez Garcia, Gumersindo"]
[Black "Troltenier, Dirk"]
[Result "1-0"]
[WhiteElo "2172"]
[BlackElo "2234"]
[PlyCount "95"]
[EventDate "2022.10.11"]
[EventType "swiss (blitz)"]
[EventRounds "11"]
[EventCountry "USA"]
[SourceTitle "EXT 2024"]
[Source "ChessBase"]
[SourceDate "2023.10.10"]
[SourceVersion "1"]
[SourceVersionDate "2023.10.10"]
[SourceQuality "1"]

1. c4 c6 2. e4 d5 3. exd5 cxd5 4. cxd5 Nf6 5. Nc3 Nxd5 6. Nf3 Nc6 7. Bb5 Bg4 8. Qa4 Nxc3 9. Bxc6+ bxc6 10. Qxc6+ Bd7 11. Qxc3 Rc8 12. Qe3 Bb5 13. a4 Ba6 14. Nd4 e6 15. Nb5 Bc5 16. Qg3 0-0 17. 0-0 Qb6 18. d3 Kh8 19. Bd2 Bxb5 20. axb5 Bd4 21. Be3 Bxe3 22. Qxe3 Qxb5 23. Rfb1 a5 24. h4 Rfd8 25. Ra3 Rd5 26. Rba1 Qxb2 27. Rxa5 Rxa5 28. Rxa5 Qc1+ 29. Kh2 Qxe3 30. fxe3 g6 31. Kg3 Kg7 32. Kf3 h5 33. g3 Kf6 34. Ra6 Rc3 35. d4 Rb3 36. Kf4 Rb2 37. d5 Rf2+ 38. Ke4 Rb2 39. d6 Rd2 40. Kf3 Ke5 41. Ra7 f5 42. d7 Kf6 43. e4 fxe4+ 44. Kxe4 Ke7 45. d8Q+ Kxd8 46. Rg7 Re2+ 47. Kf3 Ke8 48. Kxe2 1-0

[Event "Titled Tuesday intern op 11th Oct Early"]
[Site "Chess.com INT"]
[Date "2022.10.11"]
[Round "1"]
[White "Ozer, Omer Faruk"]
[Black "Troltenier, Dirk"]
[Result "1-0"]
[WhiteElo "2360"]
[BlackElo "2234"]
[PlyCount "73"]
[EventDate "2022.10.11"]
[EventType "swiss (blitz)"]
[EventRounds "11"]
[EventCountry "USA"]
[SourceTitle "EXT 2024"]
[Source "ChessBase"]
[SourceDate "2023.10.10"]
[SourceVersion "1"]
[SourceVersionDate "2023.10.10"]
[SourceQuality "1"]

1. e4 e5 2. Nf3 d6 3. d4 exd4 4. Nxd4 Nf6 5. Nc3 Be7 6. Bf4 0-0 7. Qd2 Nc6 8. 0-0-0 a6 9. f3 Nxd4 10. Qxd4 Be6 11. g4 b5 12. Kb1 c6 13. h4 d5 14. g5 Nh5 15. exd5 Nxf4 16. Qxf4 cxd5 17. Ne2 Bd6 18. Qd2 Rc8 19. Nd4 Bc5 20. Nxe6 fxe6 21. Bh3 Qd6 22. Rhe1 Rce8 23. Bg4 Kh8 24. h5 d4 25. Re4 e5 26. Qd3 Re7 27. Rde1 Rfe8 28. a3 Qb6 29. Qb3 b4 30. a4 Qd6 31. Qc4 a5 32. Qb5 Bb6 33. f4 Bc7 34. Rxe5 h6 35. Qxe8+ Rxe8 36. Rxe8+ Kh7 37. g6+ 1-0

[Event "Titled Tuesday intern op 11th Oct Early"]
[Site "Chess.com INT"]
[Date "2022.10.11"]
[Round "5"]
[White "Troltenier, Dirk"]
[Black "Urbina Perez, Juan Antonio"]
[Result "0-1"]
[WhiteElo "2234"]
[BlackElo "2274"]
[PlyCount "100"]
[EventDate "2022.10.11"]
[EventType "swiss (blitz)"]
[EventRounds "11"]
[EventCountry "USA"]
[SourceTitle "EXT 2024"]
[Source "ChessBase"]
[SourceDate "2023.10.10"]
[SourceVersion "1"]
[SourceVersionDate "2023.10.10"]
[SourceQuality "1"]

1. e4 c5 2. c3 g6 3. d4 cxd4 4. cxd4 Bg7 5. Nc3 d5 6. exd5 Nf6 7. Qb3 0-0 8. Be2 Nbd7 9. Bf3 Nb6 10. a4 a5 11. Nge2 Bg4 12. Bxg4 Nxg4 13. 0-0 Nf6 14. Nf4 g5 15. Nd3 Nfxd5 16. Bxg5 Bxd4 17. Rad1 Nxc3 18. bxc3 Bg7 19. Rfe1 Qd5 20. Qxb6 Qxg5 21. Re3 Kh8 22. Qxb7 e6 23. Rg3 Qh5 24. Qf3 Qh4 25. Nf4 Rad8 26. Nh5 Be5 27. Rg4 Qe7 28. Re1 Rd5 29. Rge4 Bg7 30. Nxg7 Kxg7 31. Rg4+ Rg5 32. Qg3 Rxg4 33. Qxg4+ Kh8 34. Qd4+ f6 35. g3 Rd8 36. Qe4 e5 37. Rb1 Qd6 38. Rb7 Qd1+ 39. Kg2 Qd5 40. Qxd5 Rxd5 41. Rf7 Rd6 42. Ra7 Rc6 43. Rxa5 Rxc3 44. Ra7 Ra3 45. h4 f5 46. h5 h6 47. f3 e4 48. fxe4 fxe4 49. a5 Ra2+ 50. Kf1 e3 0-1

[Event "Waldbronn tt"]
[Site "Waldbronn"]
[Date "1992.??.??"]
[Round "?"]
[White "Sawatzki, Frank"]
[Black "Troltenier, Dirk"]
[Result "1/2-1/2"]
[WhiteElo "2215"]
[BlackElo "2300"]
[PlyCount "151"]
[EventDate "1992.??.??"]
[EventType "team"]
[EventRounds "3"]
[EventCountry "GER"]
[SourceTitle "EXT 2002"]
[Source "ChessBase"]
[SourceDate "2001.11.25"]
[SourceVersion "1"]
[SourceVersionDate "2001.11.25"]
[SourceQuality "1"]

1. e4 e5 2. Nf3 Nc6 3. Bb5 a6 4. Ba4 Nf6 5. 0-0 Be7 6. Re1 b5 7. Bb3 0-0 8. c3 d6 9. h3 Na5 10. Bc2 c5 11. d4 Qc7 12. Nbd2 Nc6 13. d5 Nb8 14. a4 Ra7 15. Nf1 Ne8 16. Ng3 g6 17. Bh6 Ng7 18. Nh2 Nd7 19. Rf1 Nb6 20. a5 Nd7 21. b3 Qd8 22. Qd2 f6 23. Ng4 Qe8 24. b4 Rc7 25. Ne3 Rf7 26. Rac1 c4 27. Ne2 Bf8 28. g4 Qd8 29. Ng2 Rb7 30. f3 Ne8 31. Be3 g5 32. Ng3 Bg7 33. h4 h6 34. Nf5 Nf8 35. Bb6 Rxb6 36. axb6 Qxb6+ 37. Qf2 Qxf2+ 38. Kxf2 Ng6 39. Nge3 Ne7 40. Rh1 Bxf5 41. Nxf5 Nxf5 42. gxf5 Bf8 43. Bd1 Rh7 44. Be2 Nc7 45. Ra1 Rd7 46. Ra2 Rd8 47. Kg3 Bg7 48. Bf1 Kf7 49. Bh3 Rh8 50. Rha1 Ra8 51. Bg4 Ke7 52. Bh5 Ra7 53. Bg6 Ra8 54. Bh7 Kf7 55. Kg4 Ke7 56. hxg5 fxg5 57. f6+ Kxf6 58. Bf5 Ke7 59. Kh5 Kf6 60. Ra5 Bf8 61. Bd7 Rb8 62. Rxa6 Nxa6 63. Rxa6 Be7 64. Ra5 Bd8 65. Rxb5 Rxb5 66. Bxb5 Bb6 67. Bxc4 Be3 68. Bf1 Ke7 69. b5 Kd7 70. Be2 Kc7 71. Kxh6 g4+ 72. Kh5 gxf3 73. Bxf3 Kb6 74. Be2 Kc7 75. Kg6 Bc5 76. Kf7 1/2-1/2

[Event "BL2-West 9192"]
[Site "Germany"]
[Date "1992.??.??"]
[Round "6.5"]
[White "Szczepanski, Olaf"]
[Black "Troltenier, Dirk"]
[Result "0-1"]
[WhiteElo "2275"]
[BlackElo "2300"]
[PlyCount "104"]
[EventDate "1991.10.??"]
[EventType "team-tourn"]
[EventRounds "9"]
[EventCountry "GER"]
[SourceTitle "GER-chT2"]
[Source "ChessBase"]
[SourceDate "1999.07.01"]
[SourceVersion "1"]
[SourceVersionDate "1999.07.01"]
[SourceQuality "1"]
[WhiteTeam "Solingen II"]
[BlackTeam "Hofheim"]
[WhiteTeamCountry "GER"]
[BlackTeamCountry "GER"]

1. e4 e5 2. d4 exd4 3. c3 d5 4. exd5 Nf6 5. Qxd4 Qxd5 6. Nf3 Nc6 7. Qxd5 Nxd5 8. Bc4 Nb6 9. Bb3 Bd6 10. 0-0 0-0 11. Na3 Bf5 12. Rd1 Bxa3 13. bxa3 Na5 14. Bf4 c6 15. Rac1 Rfd8 16. Bc7 Rxd1+ 17. Rxd1 Nxb3 18. Bxb6 axb6 19. axb3 Bc2 20. Rd7 Bxb3 21. Rxb7 g6 22. Rxb6 Rxa3 23. h4 Bd5 24. c4 Bxf3 25. gxf3 Rxf3 26. Rxc6 Rh3 27. Rc8+ Kg7 28. c5 Rxh4 29. c6 Rc4 30. c7 h5 31. Kg2 Kf6 32. Kg3 Ke7 33. f3 Kf6 34. Kh3 Kf5 35. Kg3 Rc3 36. Kf2 Kf4 37. Ke2 Rc6 38. Kd3 Kxf3 39. Kd4 h4 40. Kd5 Rc1 41. Kd6 h3 42. Rh8 Rxc7 43. Kxc7 Kg3 44. Kd6 h2 45. Ke7 f5 46. Rh6 g5 47. Kf6 f4 48. Kxg5 f3 49. Kf5 f2 50. Rg6+ Kf3 51. Rh6 f1Q 52. Rxh2 Kg3+ 0-1